000 01198cab a2200229 4500
001 WB2912-46
008 090401t1993 xxu||||| |||| 00| 0 eng d
035 _a(Sirsi) u17256
041 _aeng
245 _aRent review : arbitration
260 _c1993
350 _a0
490 _aEstates Gazette Case Summaries
_v1993 EGCS 47 20 March 1993(1)
520 _a"Techno Ltd v Allied Dunbar Assurance plc" ChD 11 March 1993 concerned a tenant holding a lease on a warehouse which allowed for the appointment of an arbitrator in default of agreement. The arbitrator asked the parties` surveyors to set out the main assumptions to be made in assessing the rent. The surveyors produced a statement of facts including an agreed assumption which the arbitrator promptly discarded. The tenants application to set aside the interim award and remit the determination for reconsideration was upheld.
650 _aMANAGEMENT-DISPUTE AVOIDANCE, MANAGEMENT AND RESOLUTION-DISPUTE MANAGEMENT AND RESOLUTION-ARBITRATION
650 _aINTERIM AWARDS
650 _aMISCONDUCT
650 _aSTATEMENT OF FACTS
690 _aLANDLORD AND TENANT-CASE LAW-RENT REVIEWS
942 _n0
948 _c04/03/1997
999 _c11441
_d11441